000 00357nam a2200121Ia 4500
008 250110s9999 xx 000 0 und d
041 _aeng
100 _aGunaji Aditi
_9182616
245 _aSos Village For Destitute Children At Dongarwadi Pune
260 _bFinal Year B.Arch ID, Pune
_c2014
300 _a81p
700 _aGuide Name:Murugkar Kavita
_9210291
999 _c363483
_d363483